000 00417nam a2200181Ia 4500
001 19076
005 20260306171717.0
008 260306s9999||||xx |||||||||||||| ||und||
041 _aESP
082 _a658.8
_bI412
100 _aIacobucci, Dawn
_eAUT
245 0 _aDirección de marketing
260 _c2020
300 _a327 páginas :
_c27 cm.
650 _aGEN
654 _aCAN
942 _cLIB
_dJUS
_fJUS
_2ddc
_n
999 _c19076
_d19076